01458cam a22004094a 45000010008000000030004000080050017000120080041000290100017000700200039000870200034001260200044001600200039002040350012002430400018002550420008002730500022002810820016003032450129003192600039004483000034004873360026005213370028005473380027005755040051006026500017006536500024006706500022006947000020007167000021007367000023007578560073007809060045008539420015008989990017009139520118009304047899OSt20260427074803.0990129s1999 maua b 001 0 eng  a 99017510  a1577180755qhardcover : alk. paper a1577180763qpbk. : alk. paper a9781577180753q(hardcover : alk. paper) a9781577180760q(pbk. : alk. paper) a4047899 aDLCcDLCdDLC apcc00aHM278b.N695 199900a303.6/122100aNonviolent social movements :ba geographical perspective /cedited by Stephen Zunes, Lester R. Kurtz, and Sarah Beth Asher. aMalden, Mass. :bBlackwell,c1999. axii, 330 p. :bill. ;c24 cm. atextbtxt2rdacontent aunmediatedbn2rdamedia avolumebnc2rdacarrier aIncludes bibliographical references and index. 0aNonviolence. 0aPassive resistance. 0aSocial movements.1 aZunes, Stephen.1 aKurtz, Lester R.1 aAsher, Sarah Beth.413Table of contentsuhttp://www.loc.gov/catdir/toc/fy036/99017510.html a7bcbccorignewd1eocipf19gy-gencatlg 2lcccBKn0 c23714d23713 00102lcc4070aIPSTCbIPSTCd2026-04-27i37/2001l0oHM278 .N695 1999p200100372001r2026-04-27w2026-04-27yBK